All African cities with >500k population - Statistics

General Stats
  • This quiz has been taken 102 times
  • The average score is 63 of 98
Answers on the Map
Answers color-coded by a green-red scale on the quiz's map according to % correct below.
 
Answer Stats
Country CIty Population % Correct
Egypt Alexandria 3,811,516
95%
Algeria Algiers 1,977,663
95%
Egypt Cairo 7,734,614
95%
Morocco Casablanca 3,144,909
95%
Morocco Rabat 1,655,753
95%
South Africa Cape Town 3,433,441
93%
South Africa Johannesburg 2,026,469
93%
Nigeria Lagos 9,000,000
93%
South Africa Pretoria 1,619,438
93%
Tunisia Tunis 693,210
93%
Libya Tripoli 1,150,989
92%
Ethiopia Addis Ababa 2,757,729
90%
Sudan Khartoum 1,974,647
90%
Kenya Nairobi 2,750,547
90%
Senegal Dakar 2,476,400
89%
Somalia Mogadishu 2,587,183
89%
Tanzania Dar es Salaam 2,698,652
88%
Congo (Dem. Rep.) Kinshasa 7,785,965
88%
Ghana Accra 1,963,264
86%
Mali Bamako 1,297,281
86%
Congo (Rep. of.) Brazzaville 1,284,609
86%
Djibouti Djibouti 623,891
86%
South Africa Durban 3,120,282
86%
Morocco Fes 964,891
86%
Zimbabwe Harare 1,542,813
86%
Rwanda Kigali 745,261
86%
Madagascar Antananarivo 1,391,433
85%
Uganda Kampala 1,353,189
85%
Angola Luanda 2,776,168
85%
Liberia Monrovia 939,524
85%
Nigeria Abuja 590,400
84%
Ivory Coast Abidjan 3,677,115
82%
Sierra Leone Freetown 802,639
82%
Zambia Lusaka 1,267,440
82%
Mozambique Maputo 1,191,613
82%
Morocco Marrakesh 839,296
82%
Guinea Conakry 1,767,200
81%
Gabon Libreville 578,156
81%
Mauritania Nouakchott 661,400
81%
Nigeria Kano 3,626,068
79%
Kenya Mombasa 799,668
79%
Algeria Oran 645,984
79%
Morocco Tangier 688,356
79%
Togo Lome 749,700
78%
Chad N'Djamena 721,081
78%
Niger Niamey 774,235
78%
South Africa Port Elizabeth 967,677
78%
Cameroon Yaounde 1,299,369
78%
Burkina Faso Ouagadougou 1,086,505
77%
Central African Republic Bangui 542,393
75%
Malawi Lilongwe 646,750
74%
Eritrea Asmara 563,930
73%
Libya Benghazi 650,629
73%
Morocco Agadir 698,310
71%
Egypt Giza 2,443,203
71%
Nigeria Benin City 1,125,058
68%
Nigeria Port Harcourt 1,148,665
68%
Nigeria Ibadan 3,565,108
67%
Congo (Dem. Rep.) Lubumbashi 1,373,770
67%
Benin Cotonou 780,000
66%
Cameroon Douala 1,338,082
66%
Egypt Port Said 538,378
66%
Ghana Kumasi 1,468,609
64%
Republic of the Congo Pointe-Noire 659,084
62%
Congo (Dem. Rep.) Mbuji-Mayi 874,761
58%
Malawi Blantyre 584,877
52%
Sudan Omdurman 1,200,000
47%
Nigeria Aba 897,560
45%
Zimbabwe Bulawayo 699,385
45%
Nigeria Kaduna 1,582,102
44%
Congo (Dem. Rep.) Kisangani 539,158
44%
Nigeria Maiduguri 1,112,449
44%
Nigeria Enugu 688,862
42%
South Africa Soweto 1,695,047
42%
Nigeria Onitsha 561,066
40%
Senegal Touba 529,176
40%
Mozambique Beira 530,604
38%
Nigeria Ilorin 814,192
38%
Nigeria Jos 816,824
38%
Morocco Meknes 545,705
38%
Nigeria Sokoto 563,861
38%
Morocco Sale 903,485
37%
Nigeria Zaria 975,153
37%
Nigeria Warri 536,023
34%
South Africa Pietermaritzburg 750,845
33%
Sudan Nyala 565,734
30%
Ivory Coast Bouake 567,481
27%
Mozambique Matola 675,422
27%
Nigeria Oyo 736,072
25%
Nigeria Abeokuta 593,100
18%
South Africa Benoni 605,344
11%
Senegal Pikine 874,062
10%
Algeria Tebessa 634,332
10%
Ivory Coast Abobo 900,000
7%
Algeria Boumerdas 786,499
5%
South Africa Tembisa 511,655
5%
Guinea Camayenne 1,871,242
3%
Nigeria Ebute Ikorodu 535,619
1%
No matching quizzes found
Score Distribution
Percent of People with Each Score
Percentile by Number Answered
Your Score History
You have not taken this quiz